000 00469nam a2200145 4500
001 121491
003 ES-MaACL
005 20230906191747.0
007 t|
008 070214s1957 sp r ||||1| spa d
245 0 0 _aPorciones escogidas de las sagradas escrituras relativas a las profecías, concepción, nacimiento e infancia de Jesús.
260 _aBarcelona :
_bHueco Offset,
_c1957.
300 _a16 p. :
_bil. ;
_c23 cm.
852 _aES-MaACL
_j2027-F-8
_bR.40798
999 _c121491
_d121491